Analýza a zdokonalenie kalkulácie v konkrétnom podniku diplomová práca

Na minha lista:
Detalhes bibliográficos
Autor principal: Zgabur, Peter
Autor Corporativo: Fakulta hospodárskej informatiky EU. Katedra účtovníctva a audítorstva
Outros Autores: Antalová, Renáta
Formato: Livro
Idioma:eslovaco
Publicado em: Bratislava 2016
Tags: Adicionar Tag
Sem tags, seja o primeiro a adicionar uma tag!

MARC

LEADER 00000nbm a2200000 4500
001 0219014
005 20240905112017.1
041 0 |a slo 
044 |a SK 
245 1 0 |a Analýza a zdokonalenie kalkulácie v konkrétnom podniku  |b diplomová práca  |c Peter Zgabur ; školiteľ: Renáta Antalová 
264 1 |a Bratislava  |c 2016 
300 |a 63 s. 
100 1 |a Zgabur, Peter 
700 1 |a Antalová, Renáta 
710 2 |a Fakulta hospodárskej informatiky EU. Katedra účtovníctva a audítorstva